000 00568nam a2200157 i 4500
001 159964
003 ES-MaACL
005 20230906211909.0
008 040915s1882 xxk |||| | eng d
040 _aCAM
_bspa
_cCAM
100 1 _aMongredien, Augustus.
_9130057
245 1 0 _aPleas for protection examined /
_cby Augustus Mongredien.
260 _aLondon [etc.] :
_bCassell, Petter, Galpin & co.,
_c1882.
300 _a48 p. ;
_c18 cm.
852 _aES-MaACL
_jT-1301-F-9
_z-- Enc. hol. conservando la cub. original
_z-- Donativo Bosch
_z-- Enc. en un vol. facticio
999 _c159964
_d159964